Semiología del sistema nervioso / (Registro nro. 3211)

Detalles MARC
000 -LEADER
fixed length control field 01415nam a2200193 a 4500
005 - FECHA ULTIMA MODIFICACION
control field 20241202094238.0
008 - CAMPO DE CONTROL (LIBRO)
fixed length control field 241128e2023 ag ||||| |||| 001 0 spa d
020 ## - INTERNATIONAL STANDARD BOOK NUMBER
ISBN 9789500207812
041 ## - CODIGO DE IDIOMA
Código de idioma del texto/pista de sonido o título separado spa
092 ## - SIGNATURA TOPOGRAFICA DEWEY LOCAL
número de clasificación 616.8
libristica 27
sección FUS
100 1# - ENTRADA PRINCIPAL--NOMBRE PERSONAL
Nombre personal Fustinoni, Osvaldo
9 (RLIN) 405
245 ## - TITULO PROPIAMENTE DICHO
Título Semiología del sistema nervioso /
Mención de responsabilidad y remanente de la transcripción de la portada Osvaldo Fustinoni
250 ## - MENCION DE EDICION
Mención de edición 15a ed.
260 ## - PIE DE IMPRENTA
Lugar de publicación, distribución, etc Buenos Aires:
Nombre de la editorial, distribuidor, etc El Ateneo;
Fecha de publicación 2023.
300 ## - DESCRIPCION FISICA
Extension 525 p.
Otros detalles físicos 18x26 cm.
500 ## - NOTA GENERAL
Nota general Fustinoni, O. (2023). Semiología del sistema nervioso. (15a ed.). Buenos Aires : El Ateneo.
653 ## - TÉRMINO INDIZADO - PALABRAS CLAVES
Palabra clave Nociones de anatomia, fisiologia, histologia y patologia.
-- Exploración
-- Funciones craneanas, sensoriales,oculomotoras y de equilibrio pares craneanos V,VII,XI,y XII.
-- Funciones sensitivomotoras de cara, boca, fauces y cuello: pares craneanos V, VII, IX y XII. Sindromes de pares craneanos asociados
-- Motilidad
-- Tono muscular
-- Trofismo
-- Taxia
-- Reflejos, clonus y sincinesias
-- Manifestaciones motoras de hiperrexcitabilidad central y periférica
-- Movimientos anormales y sindromes extrapiramidales
-- Sensibilidad
-- Sueño conciencia y coma
-- Palabra y funciones cerebrales superiores: lenguaje, praxia, gnosia, memoria.
-- Sindromes vasculares
-- Sindromes cognitivos
-- Sindromes semiológicos de otras afecciones del sistema nervioso.
-- Sindromes funcionales y su deteccion
-- Semiologia psiquiatrica y comportamiento
-- Estudios complementarios
942 ## - ADDED ENTRY ELEMENTS (KOHA)
Source of classification or shelving scheme Dewey Decimal Classification
Item type Libros
Existencias
Estado de retiro Existencia Fuente de clasificación Estado general No para prestamo Colección Ubicación permanente ubicación actual Sala de ubicación Fecha de adquisición Fuente de adquisición Costo, precio normal de compra Total Checkouts Número de clasificación Código de barras Date last seen Date last borrowed Número de ejemplar Price effective from Koha tipo de elemento (item) Public note Coded location qualifier
    Dewey Decimal Classification     Non-fiction Biblioteca Medicina Biblioteca Medicina Circulación 25/11/2024 Fondos UNComahue 35760.00 1 616.8 27 FUS 4941 24/10/2025 17/10/2025 Ej. 3 28/11/2024 Libros Compra Nov. 2024  

UNIVERSIDAD NACIONAL DEL COMAHUE
Biblioteca de la Facultad de Ciencias Médicas
Sede Toschi: Los Arrayanes y Av. Toschi, Cipolletti  - Rio Negro
Sede Los Tordos:  Yrigoyen al 2211, Cipolletti - Rio Negro 

Teléfono: 0299 - 4774707 int 25
Contacto: biblioteca@facimed.uncoma.edu.ar
© 2011 - 2026